Meilleurs buteurs de LDC depuis 2014 - Statistiques

Statistiques générales
  • Ce quiz a été pris 7 437 fois
  • Le résultat moyen est 16 sur 39
Statistiques - réponses
buteur % Correct
Messi
99%
Ronaldo
99%
Mbappe
95%
Benzema
93%
Neymar
91%
Lewandowski
88%
Haaland
85%
Suarez
84%
Salah
76%
Mane
72%
Cavani
61%
Ibrahimovic
56%
Muller
55%
Aguero
53%
Griezmann
53%
Kane
53%
Firmino
50%
Giroud
43%
Morata
31%
Higuain
28%
Sterling
27%
Aubameyang
25%
Dybala
25%
Gnabry
24%
Rashford
22%
Martinez
20%
Jesus
18%
Tadic
18%
Depay
14%
Dzeko
14%
Tevez
14%
Ben Yedder
7%
Mertens
6%
Ilicic
3%
Marega
2%
En-Nesyri
1%
Kramaric
1%
Dzyuba
0%
Luis Adriano
0%
Aucun quiz correspondant
Distribution des résultats
% des personnes avec chaque résultat
Percentile par nombre de réponses
Votre historique - résultats
Vous n’avez pas pris ce quiz